Effect of fly ash as filler in rubber - A comprehensive study of the vulcanisate properties of styrene butadiene rubber compounds (Record no. 57860)

MARC details
000 -LEADER
fixed length control field 01569nam a2200217Ia 4500
100 ## - MAIN ENTRY--AUTHOR NAME
Personal name Dasgupta Mridul
245 #0 - TITLE STATEMENT
Title Effect of fly ash as filler in rubber - A comprehensive study of the vulcanisate properties of styrene butadiene rubber compounds
260 ## - PUBLICATION, DISTRIBUTION, ETC. (IMPRINT)
Name of publisher Progress in Rubber, Plastics and Recycling Technology
Year of publication 2013
300 ## - PHYSICAL DESCRIPTION
Number of Pages 151-168
520 ## - SUMMARY, ETC.
Summary, etc The effect of fly ash filler for an ESBR-based compound was studied in the range 0-80 phr. Characterization of fly ash, as received, revealed the abundance of 200 mesh size particles with an average diameter of 10 meu m; compositionanalysis showed the predominance of silica and alumina the properties of ESBR compounds filled with fly ash particles of <_200 mesh were compared with those of clay - and whiting-filled compounds. The cure rate index remained unchanged for fly ash throughout the range of loading studied here; clay showed a lower cure rate, and whiting showed a higher value than fly ash. The 300;modulus values did ot show any improvement with increase in fly ash loading, the values being comparable with those for whiting and inferior to those for clay. Fly ash gives the lowest heat build-up and tan delta (at 70dC) values among the three fillers under discussion.
650 ## - SUBJECT ADDED ENTRY--TOPICAL TERM
Topical Term Characterization
650 ## - SUBJECT ADDED ENTRY--TOPICAL TERM
Topical Term Physical properties
650 ## - SUBJECT ADDED ENTRY--TOPICAL TERM
Topical Term Rubber
650 ## - SUBJECT ADDED ENTRY--TOPICAL TERM
Topical Term Waste fly ash
700 ## - ADDED ENTRY--PERSONAL NAME
Personal name Bandyopadhyay Abhijit
700 ## - ADDED ENTRY--PERSONAL NAME
Personal name Guptha DasSaikat
700 ## - ADDED ENTRY--PERSONAL NAME
Personal name Kar Saptarshi
700 ## - ADDED ENTRY--PERSONAL NAME
Personal name Mukhopadhyay Rabindra
942 ## - ADDED ENTRY ELEMENTS (KOHA)
Koha item type Journals
Holdings
Withdrawn status Lost status Damaged status Not for loan Home library Current library Shelving location Date acquired Serial Enumeration / chronology Koha item type
      Journals RRII Library RRII Library Rubber technology 16/08/2013 Volume 29, Issue 3 Journals